LIBRARY ONLINE CATALOGUE

Becoming Kenyans : (Record no. 4794)

MARC details
000 -LEADER
fixed length control field 00828cam a22002412 4500
001 - CONTROL NUMBER
control field 0000000509
005 - DATE AND TIME OF LATEST TRANSACTION
control field 20151217151750.0
008 - FIXED-LENGTH DATA ELEMENTS--GENERAL INFORMATION
fixed length control field 070206s xx 000 0 eng d
020 ## - INTERNATIONAL STANDARD BOOK NUMBER
International Standard Book Number 9966410074 :
Terms of availability KES 120
040 ## - CATALOGING SOURCE
Original cataloging agency KABU
Transcribing agency KABU
050 #0 - LIBRARY OF CONGRESS CALL NUMBER
Classification number DT433.545
Item number .M33K58
100 1# - MAIN ENTRY--PERSONAL NAME
Personal name Kituyi, Mukhisa.
-- 0000148718
245 10 - TITLE STATEMENT
Title Becoming Kenyans :
Remainder of title socio-economic transformation of the pastoral Maasai /
Statement of responsibility, etc. Mukhisa Kituyi; foreword by Paul T. W. Baxter.
260 ## - PUBLICATION, DISTRIBUTION, ETC. (IMPRINT)
Place of publication, distribution, etc. Nairobi :
Name of publisher, distributor, etc. Acts Press,
Date of publication, distribution, etc. 1990.
300 ## - PHYSICAL DESCRIPTION
Extent xvi, 251 p.
600 10 - SUBJECT ADDED ENTRY--PERSONAL NAME
Personal name Masai (African people)
-- 0000148719
650 #0 - SUBJECT ADDED ENTRY--TOPICAL TERM
Topical term or geographic name as entry element Herders
Geographic subdivision Kenya.
-- 0000148720
651 #0 - SUBJECT ADDED ENTRY--GEOGRAPHIC NAME
Geographic name Kenya
General subdivision Social conditions.
-- 0000148721
651 #0 - SUBJECT ADDED ENTRY--GEOGRAPHIC NAME
Geographic name Kenya
General subdivision Economic conditions.
-- 0000148722
908 ## - PUT COMMAND PARAMETER (RLIN)
Put command parameter 070206
950 ## - LOCAL HOLDINGS (RLIN)
-- 1
Holdings
Withdrawn status Lost status Source of classification or shelving scheme Not for loan Home library Current library Date acquired Total Checkouts Full call number Barcode Date last seen Price effective from Koha item type
    Library of Congress Classification   Kabarak, Main Campus Kabarak, Main Campus 17/12/2015   DT433.545 .M33K58 000840 17/12/2015 17/12/2015 General Collection